000 01196nam0a22002771 4500
001 rc\480148
005 20250621101606.0
035 _a(NLR Aleph) 005723078
090 _a7499888
_c7499888
100 _a20030616d1988 |||y0rusy50 ca
101 0 _arus
102 _aRU
105 _aa |||||||||
200 1 _aТезисы докладов XVI Международного симпозиума по авторадиографии
_dXVI International symposium on autoradiograrhy, Улан-Удэ, 21-26 авг. 1988 г.
210 _aУлан-Удэ
_cБНЦ СО АН СССР
_d1988
215 _a148, [1] с.
_cил.
_d21
300 _aВ надзаг.: АН СССР, Сиб. отд-ние, Бурят. науч. центр, Геол. ин-т
300 _aЧасть. текста: англ.
320 _aБиблиогр. в конце докл.
510 0 _aXVI International symposium on autoradiograrhy, Улан-Удэ, 21-26 авг. 1988 г.
710 1 2 _aМеждународный симпоз. по авторадиографии
_d16
_f1988
_eУлан-Удэ
801 0 _aRU
_bNLR
_gpsbo
801 1 _aRU
_bELAR
_2rusmarc
852 _aNLR
_j88-3/9616
942 _cBOOK
980 _aNB